Best-Selling Albums of all time - Statistics

General Stats
  • This quiz has been taken 51 times
  • The average score is 24 of 75
Answer Stats
Album Year Answer % Correct
Michael Jackson 1982 Thriller
98%
Pink Floyd 1973 The Dark Side of the Moon
83%
AC/DC 1980 Back in Black
79%
Eagles 1976 Hotel California
76%
Michael Jackson 1987 Bad
71%
Fleetwood Mac 1977 Rumours
71%
Nirvana 1991 Nevermind
62%
Adele 2011 21
60%
Bruce Springsteen 1984 Born in the USA
60%
Alanis Morissette 1995 Jagged Little Pill
60%
Pink Floyd 1979 The Wall
57%
Meat Loaf 1977 Bat Out of Hell
55%
Whitney Houston 1992 The Bodyguard
55%
Green Day 2004 American Idiot
52%
Guns N' Roses 1987 Appetite for Destruction
50%
Led Zeppelin 1971 Led Zeppelin IV
50%
Bee Gees 1977 Saturday Night Fever
50%
Prince 1984 Purple Rain
48%
U2 1987 The Joshua Tree
48%
The Beatles 1969 Abbey Road
45%
Dire Straits 1985 Brothers in Arms
43%
Adele 2015 25
40%
Bon Jovi 1986 Slippery When Wet
40%
Pink Floyd 1975 Wish You Were Here
40%
Boston 1976 Boston
36%
George Michael 1987 Faith
36%
Metallica 1991 Metallica
36%
Michael Jackson 1979 Off the Wall
36%
Lauryn Hill 1998 The Miseducation of Lauryn Hill
36%
Green Day 1994 Dookie
33%
Carole King 1971 Tapestry
33%
The Beatles 2000 1
31%
Amy Whinehouse 2006 Back to Black
31%
Simon & Garfunkel 1970 Bridge over Troubled Water
31%
Phil Collins 1985 No Jacket Required
29%
Eminem 2002 The Eminem Show
29%
Shania Twain 1997 Come On Over
26%
ABBA 1992 Gold
26%
Spice Girls 1996 Spice
26%
Def Leppard 1987 Hysteria
24%
The Beatles 1967 Sgt Pepper's Lonely Hearts Club Band
24%
Eric Clapton 1992 Unplugged
24%
Michael Jackson 1991 Dangerous
21%
Madonna 1984 Like a Virgin
21%
James Horner 1997 Titanic
21%
Britney Spears 1999 Baby One More Time
19%
Santana 1999 Supernatural
19%
Tracy Chapman 1988 Tracy Chapman
19%
Queen 1981 Greatest Hits
17%
Madonna 1990 The Immaculate Collection
17%
Whitney Houston 1985 Whitney Houston
17%
Norah Jones 2002 Come Away with Me
14%
Michael Jackson 1995 HIStory
14%
Linkin Park 2000 Hybrid Theory
14%
Oasis 1995 Morning Glory
14%
Mariah Carey 1993 Music Box
14%
Britney Spears 2000 Oops! I Did It Again
14%
Madonna 1986 True Blue
14%
Whitney Houston 1987 Whitney
14%
Hootie & the Blowfish 1994 Cracked Rear View
12%
Ace of Base 1993 Happy Nation
12%
Celine Dion 1997 Let's Talk About Love
12%
Shania Twain 1995 The Woman in Me
12%
Celine Dion 1999 All the Way
10%
Mariah Carey 1995 Daydream
10%
Celine Dion 1996 Falling into You
10%
Backstreet Boys 1999 Milennium
10%
Dido 1999 No Angel
10%
Celine Dion 1993 The Colour of My Love
10%
Eminem 2000 The Marshal Mathers LP
10%
Journey 1988 Greatest Hits
7%
Lionel Richie 1983 Can't Slow Down
5%
Bon Jovi 1994 Cross Road
5%
Elvis Presley 1957 Elvis' Christmas Album
5%
Elton John 1974 Greatest Hits
5%
No matching quizzes found
Score Distribution
Percent of People with Each Score
Percentile by Number Answered
Your Score History
You have not taken this quiz